| 000 | 010890000a22002290004500 | ||
|---|---|---|---|
| 001 | 20897 | ||
| 003 | CO-MdFUSB | ||
| 005 | 20160825122028.0 | ||
| 008 | 160825b xxu||||| |||| 00| 0 eng d | ||
| 020 | _a978-0-8297-5380-6 | ||
| 040 | _cCO-MdFUSB | ||
| 082 | 0 | 4 | _aR 225.7 C65n |
| 100 | 1 | _aGarland, E. David | |
| 245 | 1 | 0 |
_aColosenses y Filemón : _bdel texto bíblico a una aplicación contemporánea _c/ David E. Garland ; traducido por Pedro L. Gómez Flores |
| 264 |
_aMiami, Florida : _bVida, _c2011 |
||
| 300 | _a429 páginas | ||
| 490 | _aComentarios bíblicos con aplicación | ||
| 500 | _aTítulo original en inglés: The NIV application commentary: Colossians/Philemon | ||
| 505 | 0 | 0 | _aIntroducción a Colosenses -- Bosquejo de Colosenses -- Bibliografía selecta sobre Colosenses -- Texto y comentario de Colosenses -- Introducción a Filemón -- Bosquejo de Filemón -- Bibliografía selecta sobre Filemón -- Textos y comentarios de Filemón |
| 650 | 1 | 4 | _aBIBLIA N.T. - COLOSENSES - COMENTARIOS \ BIBLIA N.T. - FILEMON - COMENTARIOS \ BIBLIA - COMENTARIOS |
| 942 | _cBK | ||
| 999 |
_c47242 _d47242 |
||